00430nam a2200145 4500003000900000005001700009008004100026020003100067040001300098041001200111082001700123100001900140245009200159260003300251SEACOMEC20240314160730.0240314b |||||||| |||| 00| 0 eng d a 9780750600248cRs. 225.00 aSEACOMEC aEnglish a005.74bA181 a Peter, Abott  aFront Office: Procedures, Social Skills, Yield And ManagementcAbott Peter and S. Lewry aNew Delhi b Elsevierc 2006